| 000 | 00879nam a22002417a 4500 | ||
|---|---|---|---|
| 999 |
_c4128 _d4128 |
||
| 003 | AR-CdUCM | ||
| 008 | 190308b ||||| |||| 00| 0 spa d | ||
| 040 |
_aMUNICIPALIDAD PROVINCIAL DEL CUSCO _cBIBLIOTECA MUNICIPAL DEL CUSCO |
||
| 041 | _heng | ||
| 082 |
_a727 / _bC29 |
||
| 100 |
_aCastaldi, Basil _913080 |
||
| 245 | _aDiseño de centros educativos / | ||
| 260 |
_aMéxico : _bAlianza para el progreso, _c1974. |
||
| 300 |
_a564 páginas ; _bCuadros, Gráficos, _c20 cm. |
||
| 440 |
_aCentro regional de ayuda técnica agencia para el desarrollo internacional (AID) _913081 |
||
| 505 | _aContenido: Adaptabilidad -- Economía -- Planificación -- Educación -- Edificio de escuelas creativas... | ||
| 650 |
_aEducación _9460 |
||
| 650 |
_aArquitectura _93356 |
||
| 650 |
_aDiseños _913082 |
||
| 650 |
_aPlanificación _96254 |
||
| 942 |
_2ddc _cLIBROS |
||
| 945 | _adavv | ||